| Tag |
First Indicator |
Second Indicator |
Subfields |
| LEADER |
00000cmm a2200000Ia 4500 |
| 001 |
in00000001279 |
| 005 |
20151007050401.0 |
| 007 |
co mg||||||||| |
| 008 |
980910s1998 dcu m f zxx d |
| 035 |
|
|
|a (OCoLC)ocm39904414
|
| 035 |
|
|
|9 AJB1594AM
|
| 035 |
|
|
|a (OCoLC)39904414
|
| 040 |
|
|
|a LPU
|c LPU
|d GAO
|d OCLCQ
|d STF
|d TXA
|d UtOrBLW
|
| 043 |
|
|
|a n-us---
|
| 049 |
|
|
|a TXAM
|
| 050 |
1 |
4 |
|a TD883.2
|b .N374 1998
|
| 074 |
|
|
|a 0431-R
|
| 086 |
0 |
|
|a EP 1.104:EM 4/985-96
|
| 245 |
0 |
0 |
|a National Emission Trends CD-ROM viewer.
|
| 246 |
1 |
|
|i Title on disc label:
|a Emission trends viewer CD
|
| 246 |
1 |
|
|i Title on container:
|a National Emission Trends viewer
|
| 250 |
|
|
|a Version 2.0.
|
| 264 |
|
1 |
|a [Washington, D.C.?] :
|b U.S. Environmental Protection Agency,
|c [1998]
|
| 300 |
|
|
|a 1 CD-ROM ;
|c 4 3/4 in.
|
| 336 |
|
|
|a computer program
|b cop
|2 rdacontent
|
| 337 |
|
|
|a computer
|b c
|2 rdamedia
|
| 338 |
|
|
|a computer disc
|b cd
|2 rdacarrier
|
| 500 |
|
|
|a Shipping List #: 98-0070-E
|
| 500 |
|
|
|a Shipping List Date: 08/31/98
|
| 516 |
|
|
|a Computer program and data.
|
| 538 |
|
|
|a System requirements: IBM compatible PC with 486 processor running at 33 megahertz; 6 megabytes extended memory; Microsoft Windows version 3.0 or later; fully operational CD-ROM drive; 20 megabytes of hard drive space; video Graphics Array (VGA) monitor (settings be at least 800 by 600 pixels)
|
| 500 |
|
|
|a Title from title screen.
|
| 500 |
|
|
|a "1985-1996"--Disc label.
|
| 500 |
|
|
|a "July 1998"--Disc label.
|
| 538 |
|
|
|a Disc characteristics: CD-ROM.
|
| 500 |
|
|
|a ISO 9660 format.
|
| 520 |
|
|
|a Develop to provide easy access to summary-level emissions data based on EPA's National Emission Trends data base. Emissions for the years 1985-1996 are stored by tier category, major source categories (biogenics is a separate reporting option for 1988, 1990, 1991, 1995 and 1996), Source Classification Code (SCC) and by Standard Industrial Classification (SIC) code at the county, nonattainment area, State, and national levels.
|
| 500 |
|
|
|a Electronic resource.
|
| 650 |
|
0 |
|a Air
|x Pollution
|z United States
|v Databases.
|
| 710 |
1 |
|
|a United States.
|b Environmental Protection Agency.
|
| 994 |
|
|
|a C0
|b TXA
|
| 948 |
|
|
|a cataloged
|b h
|c 2010/12/09
|e ssaenz
|f 01:53:40 pm
|
| 999 |
|
|
|a MARS
|
| 999 |
f |
f |
|s b1a6e4f6-c7b8-3307-827d-f1721b867d1c
|i 6abccc2b-386a-39bd-a720-6b1037689578
|t 0
|
| 952 |
f |
f |
|p normal
|a Texas A&M University
|b College Station
|c Sterling C. Evans Library
|d Evans: US Documents CD-ROMs (Annex 5th floor)
|t 0
|e EP 1.104:EM 4/985-96
|h Superintendent of Documents classification
|i computer -- computer disc
|m A14820684198
|
| 998 |
f |
f |
|a EP 1.104:EM 4/985-96
|t 0
|l Evans: US Documents CD-ROMs (Annex 5th floor)
|